Network centric warfare : (Record no. 92543)

MARC details
000 -LEADER
fixed length control field 00883nam a22002417a 4500
005 - DATE AND TIME OF LATEST TRANSACTION
control field 20230530112427.0
010 ## - LCCN (DPL NO)
LC control number ENG-112519 ENG-137021
020 ## - INTERNATIONAL STANDARD BOOK NUMBER
International Standard Book Number 9789380502588
Terms of availability 720.00
035 ## - SYSTEM CONTROL NUMBER
System control number EN-96051
035 ## - SYSTEM CONTROL NUMBER
System control number EN-120553
037 ## - SOURCE OF ACQUISITION
Source of stock number/acquisition DBAD/PUB
082 ## - DEWEY DECIMAL CLASSIFICATION NUMBER
Classification number 355.343
100 ## - MAIN ENTRY--PERSONAL NAME
Personal name Poduval, Sanjay
245 00 - TITLE STATEMENT
Title Network centric warfare :
Remainder of title how we think, see and fight in the information age /
Statement of responsibility, etc by Sanjay Poduval
260 ## - PUBLICATION, DISTRIBUTION, ETC. (IMPRINT)
Place of publication, distribution, etc New Delhi
Name of publisher, distributor, etc KW Publishers in association with Centre for Air Power Studies
Date of publication, distribution, etc 2013(repr.)
270 ## - ADDRESS
Address 4676/21, First Floor, Ansari Road, Daryaganj,
City New Delhi
Postal code 110002
300 ## - PHYSICAL DESCRIPTION
Extent xx,241p.
Dimensions 24cm(Hb)
500 ## - GENERAL NOTE
General note Includes index
650 ## - SUBJECT ADDED ENTRY--TOPICAL TERM
Topical term or geographic name as entry element Network-centric operations (Military science)
650 ## - SUBJECT ADDED ENTRY--TOPICAL TERM
Topical term or geographic name as entry element Information warfare.
710 ## - ADDED ENTRY--CORPORATE NAME
Corporate name or jurisdiction name as entry element Centre for Air Power Studies (New Delhi, India)
942 ## - ADDED ENTRY ELEMENTS (KOHA)
Source of classification or shelving scheme Dewey Decimal Classification
Item type English Books
Call number suffix POD
Classification part 355.343
Holdings
Withdrawn status Lost status Not for loan Collection code Home library Current library Date acquired Source of acquisition Cost, normal purchase price Full call number Barcode Copy number Cost, replacement price Koha item type
      Non-fiction Ashok Vihar Ashok Vihar 23/05/2023 DBAD/PUB 720.00 355.343 POD EN-120553 1 720.00 English Books
    Not For Loan Non-fiction D.B.Act.Division D.B.Act.Division 26/03/2015 DBAD/PUB 1395.00 355.343 POD EN-96051 1 1395.00 English Books

© Delhi Public Library
Hit Counter
free hit counter